Vista normal
Vista MARC
Entrada Personal Name
Número de registros utilizados en: 1
001 - CONTROL NUMBER
- control field: 7157
003 - CONTROL NUMBER IDENTIFIER
- control field: OSt
005 - DATE AND TIME OF LATEST TRANSACTION
- control field: 20200713205640.0
008 - FIXED-LENGTH DATA ELEMENTS
- fixed length control field: 200713|| aca||aabn | a|a d
040 ## - CATALOGING SOURCE
- Original cataloging agency: OSt
- Transcribing agency: OSt
100 ## - HEADING--PERSONAL NAME
- Personal name: Hardy, Thomas,
- Dates associated with a name: 1840-1928
670 ## - SOURCE DATA FOUND
- Source citation: Work cat.: (OSt)3519: Hardy, Thomas, 1840-1928 autor, Nuestras hazañas en la cueva / , ©1989